000 00692nam a2200241Ia 4500
003 OSt
005 20221007080614.0
006 a|||||r|||| 00| 0
007 ta
008 221006b |||||||| |||| 00| 0 eng d
024 _a16,938
037 _cTextual
040 _aFLL
_cFLL
_beng
041 _2eng
_aeng
082 _aY111:45:5.2.N7, M0
100 _aMukherji Kamal Au.
_9695049
245 0 _aAssessment of delinquency
260 _aNew Delhi
_bwiley Eastern Ltd. India
_c1980
300 _a134p
_ccm.
700 _a Basu Moitrayee Au.
_9695050
942 _hY111:45:5.2.N7, M0
_cTEXL
_2CC
999 _c1160259
_d1160259